| 000 | 00697nam a2200217 a 4500 | ||
|---|---|---|---|
| 005 | 20250322063756.0 | ||
| 008 | 991125s2000 new 000 0 eng u | ||
| 020 | _a0805824340 | ||
| 035 | _aUPN01000033758 | ||
| 049 | _aCG | ||
| 050 | 4 |
_aLC65 _bK6.6 |
|
| 245 | 0 | 0 |
_aKnowledge and power in the global economy : _bpolitics and the rhetoric of school reform / _ced. David A. Gabbard. |
| 260 |
_aNew Jersey (E.U.A.) : _bLawrence Erlbaum Associates, _c2000. |
||
| 300 | _a430 p. | ||
| 650 | 4 |
_aEducación _xAspectos económicos _911820 |
|
| 650 | 4 |
_aEducación y sociedad _96876 |
|
| 650 | 4 |
_aEducación y Estado _919 |
|
| 700 | 1 |
_aGabbard, David A., _eed. |
|
| 905 | _aLibro | ||
| 999 |
_c33758 _d33758 |
||